|
|
|
|
| LEADER |
00748nam a2200253 a 4500 |
| 001 |
000443849 |
| 003 |
CZ BrMZK |
| 005 |
20101020132811.0 |
| 007 |
ta |
| 008 |
990305s1981 xo f slo d |
| 040 |
|
|
|a BOA001
|b cze
|
| 080 |
9 |
|
|a 631.674:635
|2 MRF
|
| 080 |
9 |
|
|a 635:631.674
|2 MRF
|
| 100 |
1 |
|
|a Novotný, Miloslav
|7 jk01090752
|4 aut
|
| 245 |
1 |
0 |
|a Zavlažujeme v záhradkách /
|c Miloslav Novotný
|
| 250 |
|
|
|a 1. vyd.
|
| 260 |
|
|
|a Bratislava :
|b Príroda,
|c 1981
|
| 300 |
|
|
|a 156 s.
|
| 490 |
1 |
|
|a Knižnica záhradkára
|
| 504 |
|
|
|a Obsahuje bibliografii
|
| 830 |
|
0 |
|a Knižnica záhradkára
|
| 910 |
|
|
|a BOA001
|b 2-0839.314
|
| 990 |
|
|
|a BK
|
| 996 |
7 |
|
|b 2619765133
|c 2-0839.314
|l MZK
|r Sklad / do 1 hodiny
|n 4
|w 000443849
|u 000010
|a 1
|e BOA001
|j MZK50
|s A
|